LIBRARY & INFORMATION CENTRE, KCAET, TAVANUR

ONLINE PUBLIC ACCESS CATALOGUE (OPAC)

Histories and Poems of Shakespeare / (Record no. 7913)

MARC details
000 -LEADER
fixed length control field 00284cam a2200109ua 4500
082 ## - DEWEY DECIMAL CLASSIFICATION NUMBER
Classification number 822
Item number CRA/SH
100 ## - MAIN ENTRY--AUTHOR NAME
Personal name Shakespeare, William.
245 ## - TITLE STATEMENT
Title Histories and Poems of Shakespeare /
260 ## - PUBLICATION, DISTRIBUTION, ETC. (IMPRINT)
Place of publication London :
Name of publisher Oxford University Press ,
Year of publication 1962.
300 ## - PHYSICAL DESCRIPTION
Number of Pages 1214 ; .
942 ## - ADDED ENTRY ELEMENTS (KOHA)
Koha item type Books
Holdings
Withdrawn status Lost status Damaged status Home library Current library Date acquired Full call number Accession Number Koha item type
Withdrawn     KAUAET Sanskrit University 07/04/2012 822 CAR/SH 5039 Books
free website counter